000 00502nam a2200193Ia 4500
008 151119s9999||||xx |||||||||||||| ||und||
082 _a891.463
082 _bGKKV6618
100 _aमहानोर ना धो
245 _aगांधारी
260 _a--
260 _b--
260 _c1995
600 _aमहानोर ना धो
630 _aगांधारी
700 _aमहानोर ना धो
730 _aगांधारी
942 _cBOOK
999 _c1061437
_d1061434